Углубленный курс физической химии: электронный курс
| المؤلف الرئيسي: | |
|---|---|
| مؤلف مشترك: | |
| الملخص: | Заглавие с экрана В курсе рассматриваются законы, теории, уравнения, методы при изучении и разработке химико-технологических процессов, расчеты электрохимических элементов и кинетики химических процессов, экспериментальные методы определения физико-химических свойств веществ и параметров химических реакции, обработка и анализ данных, полученных при теоретических и экспериментальных исследованиях. В процессе освоения дисциплины у студентов развиваются компетенции: способность и готовность использовать основные законы физической химии в профессиональной деятельности, применять методы теоретического и экспериментального исследования; использовать технические средства для измерения основных параметров технологического процесса, свойств сырья и продукции; планировать и проводить физические и химические эксперименты, проводить обработку их результатов и оценивать погрешности, математически моделировать физические и химические процессы и явления, выдвигать гипотезы и устанавливать границы их применения. Доступ по логину и паролю |
| اللغة: | الروسية |
| منشور في: |
Томск, TPU Moodle, 2015
|
| الموضوعات: | |
| الوصول للمادة أونلاين: | https://design.lms.tpu.ru/course/view.php?id=682 |
| التنسيق: | الكتروني كتاب |
| KOHA link: | https://koha.lib.tpu.ru/cgi-bin/koha/opac-detail.pl?biblionumber=651919 |
MARC
| LEADER | 00000nlm0a2200000 4500 | ||
|---|---|---|---|
| 001 | 651919 | ||
| 005 | 20240211154058.0 | ||
| 035 | |a (RuTPU)RU\TPU\network\17182 | ||
| 035 | |a RU\TPU\network\17181 | ||
| 090 | |a 651919 | ||
| 100 | |a 20161125d2015 m y0rusy50 ca | ||
| 101 | 0 | |a rus | |
| 102 | |a RU | ||
| 105 | |a a j 000zy | ||
| 135 | |a jrcn ---uucaa | ||
| 181 | 0 | |a i | |
| 182 | 0 | |a b | |
| 200 | 1 | |a Углубленный курс физической химии |e электронный курс |f Е. И. Сметанина |g Национальный исследовательский Томский политехнический университет (ТПУ), Институт природных ресурсов (ИПР), Кафедра физической и аналитической химии (ФАХ) | |
| 203 | |a Текст |c электронный | ||
| 210 | |a Томск |c TPU Moodle |d 2015 | ||
| 300 | |a Заглавие с экрана | ||
| 330 | |a В курсе рассматриваются законы, теории, уравнения, методы при изучении и разработке химико-технологических процессов, расчеты электрохимических элементов и кинетики химических процессов, экспериментальные методы определения физико-химических свойств веществ и параметров химических реакции, обработка и анализ данных, полученных при теоретических и экспериментальных исследованиях. В процессе освоения дисциплины у студентов развиваются компетенции: способность и готовность использовать основные законы физической химии в профессиональной деятельности, применять методы теоретического и экспериментального исследования; использовать технические средства для измерения основных параметров технологического процесса, свойств сырья и продукции; планировать и проводить физические и химические эксперименты, проводить обработку их результатов и оценивать погрешности, математически моделировать физические и химические процессы и явления, выдвигать гипотезы и устанавливать границы их применения. | ||
| 333 | |a Доступ по логину и паролю | ||
| 606 | 1 | |a Физическая химия |2 stltpush |3 (RuTPU)RU\TPU\subj\67669 |9 83390 | |
| 610 | 1 | |a электронный ресурс | |
| 610 | 1 | |a труды учёных ТПУ | |
| 610 | 1 | |a электронное обучение | |
| 610 | 1 | |a электронные курсы ТПУ | |
| 610 | 1 | |a электрохимия | |
| 610 | 1 | |a электролиты | |
| 610 | 1 | |a электрическая проводимость | |
| 610 | 1 | |a кондуктометрия | |
| 610 | 1 | |a электролиз | |
| 610 | 1 | |a электродный потенциал | |
| 610 | 1 | |a ЭДС | |
| 610 | 1 | |a потенциометрия | |
| 610 | 1 | |a химические реакции | |
| 610 | 1 | |a простые реакции | |
| 610 | 1 | |a сложные реакции | |
| 610 | 1 | |a активные столкновения | |
| 610 | 1 | |a переходные состояния | |
| 610 | 1 | |a катализаторы | |
| 610 | 1 | |a кислотно-основной катализ | |
| 610 | 1 | |a ферментативный катализ | |
| 610 | 1 | |a хемосорбция | |
| 610 | 1 | |a гетерогенный анализ | |
| 610 | 1 | |a учебные пособия | |
| 610 | 1 | |a электронные учебные пособия | |
| 675 | |a 544(075.8) |v 3 | ||
| 700 | 1 | |a Сметанина |b Е. И. |c химик |c доцент Томского политехнического университета, кандидат технических наук |f 1962- |g Евгения Ильинична |3 (RuTPU)RU\TPU\pers\26836 |9 12455 | |
| 712 | 0 | 2 | |a Национальный исследовательский Томский политехнический университет (ТПУ) |b Институт природных ресурсов (ИПР) |b Кафедра физической и аналитической химии (ФАХ) |3 (RuTPU)RU\TPU\col\18656 |
| 801 | 2 | |a RU |b 63413507 |c 20211129 |g RCR | |
| 856 | 4 | |u https://design.lms.tpu.ru/course/view.php?id=682 | |
| 942 | |c CF | ||